[Event "ICS rated standard match"]
[Site "204.178.125.65"]
[Date "2000.07.22"]
[Round "?"]
[White "Hossa"]
[Black "jessmaster"]
[Result "1-0"]
[WhiteElo "2286"]
[BlackElo "2006"]
[PlyCount "153"]
[EventDate "2000.??.??"]

1. d4 Nf6 2. c4 c5 3. d5 e6 4. Nc3 exd5 5. cxd5 d6 6. e4 g6 7. f4 Bg7 8. Bb5+
Bd7 9. Bxd7+ Nbxd7 10. Nh3 O-O 11. O-O Re8 12. Nf2 a6 13. Bd2 b5 14. Re1 b4 15.
Na4 Nb6 16. Nxb6 Qxb6 17. Qf3 Nd7 18. Rab1 a5 19. Qh3 Rad8 20. a4 Bd4 21. Be3
c4 22. f5 Bxe3 23. Rxe3 Qd4 24. fxg6 fxg6 25. Qh6 Qg7 26. Qxg7+ Kxg7 27. Nh3
Nc5 28. Nf4 g5 29. Ne6+ Nxe6 30. dxe6 Rxe6 31. Rf1 Rde8 32. Rf5 Re5 33. Kf2
Rxf5+ 34. exf5 Rxe3 35. Kxe3 Kf6 36. g4 Ke5 37. Kd2 d5 38. b3 cxb3 39. Kc1 d4
40. Kd2 h5 41. h3 h4 42. Kd3 b2 43. Kc2 d3+ 44. Kxb2 Ke4 45. f6 d2 46. f7 d1=Q
47. f8=Q Qd2+ 48. Kb1 Qd3+ 49. Kc1 Qc3+ 50. Kb1 Qb3+ 51. Kc1 Qe3+ 52. Kc2 Qf3
53. Qe7+ Kf4 54. Qc7+ Ke3 55. Qb6+ Ke2 56. Qxa5 Qc3+ 57. Kb1 Qb3+ 58. Kc1 Qd1+
59. Kb2 Qd2+ 60. Kb1 Kd1 61. Qb5 Qc2+ 62. Ka1 Qc3+ 63. Kb1 Qb3+ 64. Ka1 Qa3+
65. Kb1 Qc1+ 66. Ka2 Qd2+ 67. Kb1 Qe1 68. Qd3+ Qd2 69. Qxd2+ Kxd2 70. a5 Ke3
71. a6 Kf3 72. a7 Kg3 73. a8=Q Kxh3 74. Qf3+ Kh2 75. Qe3 h3 76. Qf2+ Kh1 77.
Kb2 {jessmaster resigns} 1-0

[Event "ICS rated standard match"]
[Site "204.178.125.65"]
[Date "2000.07.22"]
[Round "?"]
[White "PostModernist"]
[Black "Hossa"]
[Result "0-1"]
[WhiteElo "2422"]
[BlackElo "2287"]
[PlyCount "102"]
[EventDate "2000.??.??"]

1. e4 g6 2. d4 Bg7 3. f4 d5 4. exd5 Qxd5 5. Nf3 Nh6 6. Nc3 Qd8 7. Bc4 Nf5 8. d5
O-O 9. a4 c6 10. Bb3 cxd5 11. Qxd5 Nc6 12. Bd2 Nfd4 13. Nxd4 Nxd4 14. Qxd8 Rxd8
15. Rc1 Nxb3 16. cxb3 Be6 17. b4 Bd4 18. Rf1 Rac8 19. Rf3 Rc4 20. Nd1 Rxc1 21.
Bxc1 Bg4 22. Rd3 Bf5 23. Rd2 Kg7 24. Nc3 f6 25. Nb5 Rc8 26. Rxd4 Rxc1+ 27. Rd1
Rxd1+ 28. Kxd1 Bd7 29. Nxa7 Bxa4+ 30. Kd2 Bd7 31. Ke3 g5 32. Ke4 gxf4 33. Kxf4
e5+ 34. Ke4 Kg6 35. Kd5 h6 36. g3 Kh5 37. b5 Kg4 38. b3 Kh3 39. Ke4 h5 40. Kf3
Kxh2 41. b6 Kg1 42. b4 Kf1 43. b5 Bg4+ 44. Ke3 Kg2 45. Nc6 Kxg3 46. Na5 Bc8 47.
Nc4 h4 48. Nd6 h3 49. Nxc8 h2 50. Nd6 Kg2 51. Ke4 h1=Q 0-1

[Event "ICS rated standard match"]
[Site "204.178.125.65"]
[Date "2000.07.22"]
[Round "?"]
[White "QueenMaxima"]
[Black "Hossa"]
[Result "1-0"]
[WhiteElo "2312"]
[BlackElo "2309"]
[PlyCount "82"]
[EventDate "2000.??.??"]

1. d4 Nf6 2. Bf4 g6 3. Nf3 d6 4. e3 Bg7 5. h3 c6 6. Nbd2 O-O 7. Bd3 c5 8. O-O
Nd5 9. Bg3 cxd4 10. Nxd4 Nd7 11. c3 Nc7 12. Bc2 Nb6 13. Qf3 Kh8 14. Rad1 a5 15.
Bh4 a4 16. Qe4 f6 17. Qd3 e5 18. Ne2 Be6 19. c4 Na6 20. Qc3 g5 21. Bg3 f5 22.
Bh2 Rc8 23. b3 e4 24. Nd4 Bf7 25. g4 axb3 26. axb3 d5 27. gxf5 g4 28. hxg4 Qh4
29. Kh1 Nd7 30. Rg1 Ne5 31. g5 dxc4 32. bxc4 Bxc4 33. f6 Bxf6 34. gxf6 Bd3 35.
Nc6 Nf7 36. Bxd3 exd3 37. Qd4 Qh6 38. Ne5 Nxe5 39. f7 Rc5 40. Nf3 Qe6 41. Rxd3
Rd5 {Hossa resigns} 1-0

[Event "ICS rated standard match"]
[Site "204.178.125.65"]
[Date "2000.07.22"]
[Round "?"]
[White "Hossa"]
[Black "PostModernist"]
[Result "1/2-1/2"]
[WhiteElo "2293"]
[BlackElo "2400"]
[PlyCount "144"]
[EventDate "2000.??.??"]

1. d4 Nf6 2. c4 e6 3. Nf3 Bb4+ 4. Bd2 Qe7 5. g3 Nc6 6. Bg2 Bxd2+ 7. Nbxd2 d6 8.
Nb3 O-O 9. O-O a5 10. Re1 a4 11. Nbd2 Bd7 12. e3 b6 13. Ng5 a3 14. bxa3 Rxa3
15. Nge4 Nxe4 16. Bxe4 f5 17. Nb1 Ra6 18. Bg2 Qf6 19. Nc3 Ne7 20. Nb5 Ra5 21.
Nxc7 Rc8 22. Nb5 Bxb5 23. cxb5 Rxb5 24. Qa4 Ra5 25. Qb4 d5 26. Qxb6 Rca8 27.
Re2 g5 28. Rb2 g4 29. Qc7 R5a7 30. Rb8+ Kg7 31. Qd8 Rxb8 32. Qxb8 Ra4 33. Bf1
Ra3 34. Bb5 Ng6 35. Qc8 Ne7 36. Qc7 Kf7 37. Bd7 Ng6 38. Qb8 Qe7 39. Bb5 Kg7 40.
Rc1 Kh6 41. Rc7 Qf8 42. Qb7 Qg8 43. Rc8 Qg7 44. Qc6 Qe7 45. Re8 Qb4 46. Bf1
Rxa2 47. Qc1 Rb2 48. Rxe6 Rb1 49. Qc5 Qe1 50. Qf8+ Kh5 51. Qxf5+ Kh6 52. Qf4+
Kg7 53. Qf6+ Kh6 54. Qh4+ Kg7 55. Re7+ Nxe7 56. Qxe7+ Kg8 57. Qe8+ Kg7 58. Qe5+
Kf8 59. Qh8+ Ke7 60. Qxh7+ Ke8 61. Qh5+ Kf8 62. Qf5+ Ke7 63. Qe5+ Kf8 64. Qd6+
Ke8 65. Qe6+ Kf8 66. Qc8+ Ke7 67. Qc7+ Ke8 68. Qc6+ Ke7 69. Qc5+ Ke8 70. Qc8+
Ke7 71. Qc7+ Ke8 72. Qc8+ Ke7 1/2-1/2

[Event "ICS rated standard match"]
[Site "204.178.125.65"]
[Date "2000.07.22"]
[Round "?"]
[White "PostModernist"]
[Black "Hossa"]
[Result "0-1"]
[WhiteElo "2395"]
[BlackElo "2289"]
[PlyCount "124"]
[EventDate "2000.??.??"]

1. e4 e5 2. Bc4 Nf6 3. d3 c6 4. Nf3 d5 5. Bb3 Bg4 6. exd5 cxd5 7. h3 Bxf3 8.
Qxf3 Nc6 9. c3 Be7 10. Bg5 e4 11. Qe2 Nd7 12. Bxe7 Qxe7 13. O-O Nc5 14. dxe4
Nxb3 15. axb3 dxe4 16. Re1 f5 17. f3 O-O-O 18. fxe4 Qxe4 19. Qxe4 fxe4 20. b4
a6 21. Rxe4 Rd1+ 22. Kh2 Kc7 23. Rg4 g6 24. Rf4 Re8 25. Rf7+ Kb8 26. Rxh7 Ree1
27. Rg7 Ne7 28. g4 Kc7 29. b5 axb5 30. Rf7 Kd6 31. Rf6+ Ke5 32. Rf2 Rxb1 33.
Ra5 Kd6 34. Rxb5 Kc7 35. Rc5+ Kb8 36. Kg3 Re3+ 37. Kg2 b6 38. Rc4 Rd3 39. Re4
Nd5 40. Re6 g5 41. Rg6 Ne3+ 42. Kh2 Nf1+ 43. Rxf1 Rxf1 44. Kg2 Rc1 45. Rxb6+
Kc7 46. Rf6 Rc2+ 47. Rf2 Rxf2+ 48. Kxf2 Rxh3 49. Kg2 Rd3 50. Kf2 Rd2+ 51. Kf3
Rxb2 52. Ke4 Kd6 53. Kf5 Rc2 54. Kxg5 Ke5 55. c4 Rxc4 56. Kh5 Kf4 57. Kg6 Kxg4
58. Kf6 Re4 59. Kg6 Rf4 60. Kh6 Kf5 61. Kg7 Kg5 62. Kh7 Kf6 0-1

[Event "ICS rated blitz match"]
[Site "204.178.125.65"]
[Date "2000.07.22"]
[Round "?"]
[White "inmichess"]
[Black "Hossa"]
[Result "1/2-1/2"]
[WhiteElo "2447"]
[BlackElo "2448"]
[PlyCount "159"]
[EventDate "2000.??.??"]

1. e4 e5 2. Nf3 Nf6 3. d4 Nxe4 4. Bd3 d5 5. Nxe5 Bd6 6. O-O O-O 7. c4 Bxe5 8.
dxe5 Nc6 9. cxd5 Qxd5 10. Qf3 f5 11. exf6 Nxf6 12. Qxd5+ Nxd5 13. Bc4 Be6 14.
Re1 Bf7 15. Bxd5 Bxd5 16. Nc3 Bc4 17. b3 Bd3 18. Be3 h6 19. Nd5 Rf7 20. Rad1
Bc2 21. Rd2 Bf5 22. Bf4 Rc8 23. Bg3 g5 24. Rde2 Kf8 25. Ne3 Bd3 26. Rd2 Ba6 27.
Red1 Re8 28. Nd5 Rc8 29. b4 Bc4 30. Ne3 Bb5 31. a3 a5 32. Nd5 axb4 33. axb4 Bc4
34. Rc1 Bxd5 35. Rxd5 Re8 36. b5 Na7 37. h4 c6 38. bxc6 bxc6 39. Ra5 gxh4 40.
Bxh4 Re4 41. g3 Re2 42. Ra6 Nb5 43. Raxc6 Rfxf2 44. Rf1 Rxf1+ 45. Kxf1 Nd4 46.
Rxh6 Rc2 47. Rd6 Ne2 48. g4 Rc4 49. g5 Rxh4 50. Kxe2 Rh2+ 51. Kf3 Rh3+ 52. Kg4
Re3 53. Rd7 Re4+ 54. Kf5 Re8 55. Kf6 Kg8 56. Rg7+ Kh8 57. Ra7 Rf8+ 58. Kg6 Rg8+
59. Kh6 Rf8 60. Rh7+ Kg8 61. Rg7+ Kh8 62. Re7 Kg8 63. g6 Rd8 64. Rc7 Re8 65.
Rg7+ Kh8 66. Rh7+ Kg8 67. Rc7 Rf8 68. Rd7 Re8 69. Rb7 Rf8 70. Re7 Rd8 71. Rg7+
Kh8 72. Rh7+ Kg8 73. Ra7 Rf8 74. Rg7+ Kh8 75. Re7 Kg8 76. Rd7 Re8 77. Rb7 Rf8
78. Rc7 Re8 79. Rd7 Rf8 80. Re7 1/2-1/2

[Event "ICS rated blitz match"]
[Site "204.178.125.65"]
[Date "2000.07.22"]
[Round "?"]
[White "Hossa"]
[Black "inmichess"]
[Result "1-0"]
[WhiteElo "2448"]
[BlackElo "2447"]
[PlyCount "197"]
[EventDate "2000.??.??"]

1. c4 Nf6 2. Nc3 e6 3. e4 c5 4. e5 Ng8 5. Nf3 Nc6 6. d4 cxd4 7. Nxd4 Nxe5 8.
Qa4 Ne7 9. Bg5 Qb6 10. Ndb5 Nf5 11. b4 Qc6 12. Bf4 Bd6 13. Nxd6+ Qxd6 14. Qd1
Qb8 15. Ne4 O-O 16. Nd6 Ng6 17. Bg3 Nxg3 18. hxg3 a6 19. Qh5 h6 20. Rd1 Qc7 21.
c5 Qc6 22. Rd2 Qa4 23. Nxf7 Rxf7 24. Qxg6 Qxb4 25. Rxh6 Qxc5 26. Rh5 Qc1+ 27.
Rd1 Qc3+ 28. Rd2 Rxf2 29. Qe8+ Rf8 30. Rh8+ Kxh8 31. Qxf8+ Kh7 32. Bd3+ g6 33.
Qe7+ Qg7 34. Qh4+ Kg8 35. Qd8+ Qf8 36. Qg5 b6 37. Rf2 Qg7 38. Rf6 d5 39. Rxg6
Qxg6 40. Qxg6+ Kf8 41. Qf6+ Ke8 42. Bf5 exf5 43. Qc6+ Kd8 44. Qxa8 Kc7 45. Qxd5
a5 46. Qe5+ Kc6 47. Kf2 Bd7 48. Qc3+ Kb7 49. a3 Bc8 50. Qg7+ Kc6 51. Qf6+ Kc7
52. Ke3 Bd7 53. Kf4 b5 54. Qa6 a4 55. Ke5 Bc6 56. Qa7+ Bb7 57. Qa5+ Kc6 58. Qd8
Ba6 59. Qd6+ Kb7 60. Kxf5 Ka7 61. Qc6 Bb7 62. Qxb5 Kb8 63. Qxa4 Bc8+ 64. Kf6
Bb7 65. Qb5 Ka8 66. Qxb7+ Kxb7 67. g4 Kb6 68. g5 Kb5 69. g6 Ka4 70. g7 Kb5 71.
Ke7 Kc5 72. Kd7 Kd5 73. g8=B+ Kd4 74. Kc8 Ke3 75. Kb8 Kd2 76. Ka8 Ke3 77. g3
Kf2 78. Bb3 Kf1 79. a4 Kg2 80. g4 Kf1 81. a5 Kg1 82. a6 Kg2 83. Bd5+ Kg3 84. g5
Kg4 85. g6 Kf4 86. a7 Ke3 87. g7 Ke2 88. Be4 Kd2 89. Bf3 Kc2 90. Bg2 Kb3 91.
Bh1 Kb4 92. Bf3 Kc4 93. Bd5+ Kxd5 94. g8=Q+ Kd4 95. Kb8 Ke4 96. a8=Q+ Kf4 97.
Qa3 Ke4 98. Qe6+ Kf4 99. Qae3# 1-0

[Event "ICS rated blitz match"]
[Site "204.178.125.65"]
[Date "2000.07.23"]
[Round "?"]
[White "inmichess"]
[Black "Hossa"]
[Result "0-1"]
[WhiteElo "2431"]
[BlackElo "2464"]
[PlyCount "111"]
[EventDate "2000.??.??"]

1. e4 e5 2. Nf3 Nf6 3. Nc3 Nc6 4. d4 exd4 5. Nd5 Nxe4 6. Qe2 f5 7. Ng5 d3 8.
cxd3 Nd4 9. Qh5+ g6 10. Qh4 Nc2+ 11. Ke2 c6 12. dxe4 cxd5 13. Qg3 Bg7 14. Nxh7
Qb6 15. exf5 Nd4+ 16. Kd1 Nxf5 17. Qh3 Bxb2 18. Rb1 Qd4+ 19. Kc2 Bxc1 20. Rxc1
Qg7 21. Re1+ Kd8 22. Qa3 Rxh7 23. Qa5+ b6 24. Qxd5 Rb8 25. Kb1 Bb7 26. Qd2 Qd4
27. Qxd4 Nxd4 28. f3 Rc8 29. Bd3 Rh6 30. Re3 g5 31. h3 Rc5 32. Kb2 Bd5 33. a3
Rhc6 34. Rhe1 Kc7 35. Ka1 Nc2+ 36. Bxc2 Rxc2 37. R1e2 Rc1+ 38. Kb2 R1c5 39. Kb1
Kd6 40. Re1 Rb5+ 41. Ka1 Rc2 42. R3e2 Rxe2 43. Rxe2 Rb3 44. a4 Ra3+ 45. Kb1
Rxa4 46. Rb2 Rc4 47. Rb3 Kc5 48. Re3 Rb4+ 49. Kc2 Ra4 50. g3 Ra2+ 51. Kc1 Kd4
52. Re7 Be6 53. Re8 Kc3 54. Kd1 Rf2 55. Rc8+ Bc4 56. Re8 0-1

[Event "ICS rated blitz match"]
[Site "204.178.125.65"]
[Date "2000.07.23"]
[Round "?"]
[White "Hossa"]
[Black "inmichess"]
[Result "0-1"]
[WhiteElo "2478"]
[BlackElo "2417"]
[PlyCount "118"]
[EventDate "2000.??.??"]

1. e4 e5 2. Nf3 Nc6 3. d4 exd4 4. Nxd4 Bc5 5. Nb3 Bb6 6. Nc3 Nf6 7. Bg5 O-O 8.
Qf3 Nd4 9. Nxd4 Bxd4 10. O-O-O Bxc3 11. bxc3 Re8 12. Bd3 c6 13. Bxf6 Qxf6 14.
Qxf6 gxf6 15. Rhe1 a5 16. Re3 b6 17. Rg3+ Kf8 18. Rh3 Kg7 19. a3 d6 20. Rg3+
Kf8 21. Bf1 Rxe4 22. Rxd6 Re1+ 23. Rd1 Rxd1+ 24. Kxd1 Be6 25. Bd3 Rd8 26. Kc1
h6 27. f4 c5 28. f5 Bd5 29. Kb2 Re8 30. c4 Bc6 31. Kc3 Re1 32. Rh3 Kg7 33. Rg3+
Kh7 34. Rg4 Rh1 35. Be4 h5 36. Rh4 Bxe4 37. Rxe4 Rxh2 38. Re2 Kh6 39. Kd2 Kg5
40. a4 h4 41. Ke3 Kxf5 42. Rf2+ Kg5 43. Ke2 f5 44. c3 f4 45. Ke1 f5 46. Ke2 Kg4
47. Kf1 Rh1+ 48. Ke2 Rg1 49. Kd3 h3 50. gxh3+ Kg3 51. Ra2 f3 52. Rd2 f2 53. Kc2
f1=Q 54. Kb3 Qb1+ 55. Rb2 Qd3 56. Rc2 Rb1+ 57. Rb2 Qd1+ 58. Ka3 Qc1 59. h4
Qxb2# 0-1

[Event "ICS rated standard match"]
[Site "204.178.125.65"]
[Date "2000.07.23"]
[Round "?"]
[White "Hossa"]
[Black "JudgeTurpin"]
[Result "1/2-1/2"]
[WhiteElo "2310"]
[BlackElo "2336"]
[PlyCount "109"]
[EventDate "2000.??.??"]

1. e4 e5 2. Nf3 Nc6 3. Bb5 a6 4. Ba4 Nf6 5. O-O Be7 6. Re1 b5 7. Bb3 d6 8. c3
O-O 9. h3 Na5 10. Bc2 c5 11. d4 Qc7 12. Nbd2 Bd7 13. dxe5 dxe5 14. Nh4 Be6 15.
Nf5 Rfd8 16. Nxe7+ Qxe7 17. Qe2 Qc7 18. Rd1 Rd6 19. f4 Rdd8 20. f5 Bc8 21. g4
Bb7 22. h4 h6 23. g5 hxg5 24. hxg5 Nh7 25. Qh5 Qe7 26. g6 Qg5+ 27. Qxg5 Nxg5
28. gxf7+ Kxf7 29. Kf2 Rd6 30. Ke2 Rad8 31. a4 Bc6 32. b4 cxb4 33. cxb4 Nb7 34.
Rg1 Nh3 35. Rg3 Nf4+ 36. Ke3 Nd3 37. Ba3 Ne1 38. Rxe1 Rxd2 39. Bb1 Nd6 40. axb5
Nc4+ 41. Kf3 Bxb5 42. Bc1 Rd1 43. Kf2 Rxe1 44. Kxe1 Rd4 45. Bc2 Rd8 46. Kf2 Rd4
47. Rc3 Nd6 48. Kf3 Kf6 49. Rc7 Rxb4 50. Ba3 Rd4 51. Bc5 Rd2 52. Bb4 Rd4 53.
Bc5 Rd2 54. Bb4 Rd4 55. Bc5 1/2-1/2

[Event "ICS rated standard match"]
[Site "204.178.125.65"]
[Date "2000.07.23"]
[Round "?"]
[White "capalion"]
[Black "Hossa"]
[Result "1/2-1/2"]
[WhiteElo "1985"]
[BlackElo "2311"]
[PlyCount "80"]
[EventDate "2000.??.??"]

1. e4 e5 2. Nc3 Nf6 3. Bc4 Nc6 4. d3 Bc5 5. Bg5 Na5 6. Bb3 d6 7. Nf3 c6 8. O-O
b5 9. h3 O-O 10. d4 exd4 11. Nxd4 h6 12. Be3 b4 13. Na4 Nxe4 14. Qf3 Bxd4 15.
Qxe4 Bxe3 16. fxe3 Rb8 17. Rad1 Nxb3 18. axb3 d5 19. Qd4 Qg5 20. Qf4 Qxf4 21.
exf4 Bf5 22. Rd2 Kh7 23. g4 Be4 24. Nc5 Rb5 25. Nxe4 dxe4 26. Rd4 Re8 27. Rc4
c5 28. Kf2 g6 29. Ke3 f5 30. Rd1 Rf8 31. Rd7+ Kh8 32. Rxa7 Rd8 33. Rc7 Rd5 34.
Rc8+ Kg7 35. Rc7+ Kg8 36. Rc8+ Kf7 37. Rc7+ Kf8 38. Rc6 Kg7 39. Rc7+ Kg8 40.
Rc8+ Kf7 1/2-1/2

[Event "ICS rated blitz match"]
[Site "204.178.125.65"]
[Date "2000.07.23"]
[Round "?"]
[White "Hossa"]
[Black "PostModernist"]
[Result "1/2-1/2"]
[WhiteElo "2459"]
[BlackElo "2553"]
[PlyCount "365"]
[EventDate "2000.??.??"]

1. e4 g6 2. d4 Bg7 3. Nc3 d6 4. f4 Nc6 5. Be3 a6 6. d5 Bxc3+ 7. bxc3 Na5 8. Nf3
Nf6 9. Bd3 O-O 10. c4 Bd7 11. c5 c6 12. cxd6 exd6 13. dxc6 Bxc6 14. Bd4 Re8 15.
O-O Nxe4 16. f5 g5 17. Nd2 d5 18. Re1 Qd6 19. Qh5 f6 20. Nb3 Nc4 21. Qh6 Ne5
22. Rab1 a5 23. Be2 Nf7 24. Qh5 a4 25. Na1 Qf4 26. Rf1 Ng3 27. Rxf4 Nxh5 28.
Rf2 Nf4 29. Bf1 Ne5 30. g3 Nh5 31. Be2 Ng7 32. c3 h6 33. Nc2 h5 34. Nb4 a3 35.
h3 h4 36. gxh4 gxh4 37. Rg2 Kh8 38. Rf1 Nd7 39. Bg4 Bb5 40. Rb1 Bc4 41. Bf2 Re5
42. Bxh4 Nxf5 43. Bf2 Nb8 44. Bf3 Nc6 45. Rg6 Rg8 46. Rxg8+ Kxg8 47. Nxc6 bxc6
48. Bc5 Bxa2 49. Rb8+ Kg7 50. Bg4 Nh6 51. Bxa3 Nxg4 52. hxg4 Re4 53. Rb7+ Kg6
54. Rb2 Rxg4+ 55. Rg2 Kh5 56. Rxg4 Kxg4 57. Be7 f5 58. Kg2 Bb3 59. Bd6 f4 60.
Bc5 f3+ 61. Kf1 Kf4 62. Ke1 Bc4 63. Bf2 Bd3 64. Kd2 Bf5 65. Ke1 Bh3 66. Kd2 Bf1
67. Ke1 Be2 68. Bc5 Kg3 69. Bd6+ Kg2 70. Bc5 Bc4 71. Bd4 Bd3 72. Bf2 Bh7 73.
Bc5 Be4 74. Be3 Bf5 75. Bc5 Bg6 76. Be3 Be4 77. Bc5 Bf5 78. Be3 Bg6 79. Bc5 Bh7
80. Bf2 Bb1 81. Be3 Bc2 82. Bf2 Bb3 83. Bc5 Ba4 84. Bd4 Bb5 85. Bc5 Be2 86. Be3
Ba6 87. Bc5 Bc8 88. Bf2 Be6 89. Bb6 Bg4 90. Bc5 Bh5 91. Bf2 Be8 92. Bc5 Bd7 93.
Bd4 Be6 94. Bb6 Bg8 95. Be3 Kg3 96. Bb6 Kf4 97. Kf2 Be6 98. Bd4 Bc8 99. Be3+
Ke4 100. Bd4 Bh3 101. Kg3 Bg2 102. Kf2 Kd3 103. Kg3 c5 104. Bxc5 Kxc3 105. Bd6
d4 106. Be5 Kc4 107. Kf2 d3 108. Bf4 Kb3 109. Ke1 Kc2 110. Be3 Bh3 111. Bf4 Bg4
112. Bg5 Bf5 113. Bf4 Be4 114. Bh6 Ba8 115. Bf4 Bb7 116. Be3 Bd5 117. Bf4 Be6
118. Kf2 Bg4 119. Ke1 Bh5 120. Bh6 Bf7 121. Bf4 Bd5 122. Bh6 Be4 123. Be3 Bg6
124. Kf2 Be4 125. Ke1 Bb7 126. Bh6 Bc8 127. Bf4 Bf5 128. Bh6 Bd7 129. Be3 Bc6
130. Bh6 Be8 131. Kf2 Bf7 132. Kxf3 Bd5+ 133. Kg3 Kc3 134. Bg5 Bc6 135. Bf4 Kd4
136. Bd2 Be8 137. Be1 Ke3 138. Bc3 Bd7 139. Be1 Bc8 140. Bc3 Be6 141. Be1 Bb3
142. Bc3 Bd1 143. Be1 Bf3 144. Bb4 Bd5 145. Be1 Bc4 146. Bb4 Bb5 147. Be1 Bd7
148. Bb4 Bf5 149. Bc3 Bc8 150. Be1 Be6 151. Bb4 Bc4 152. Be1 Bf7 153. Bb4 Bg6
154. Be1 Bh5 155. Bc3 Be2 156. Be1 Bd1 157. Bb4 Bf3 158. Be1 Bc6 159. Bb4 Be4
160. Be1 Ba8 161. Bb4 Bb7 162. Be1 Ke4 163. Bd2 Bc8 164. Be1 Be6 165. Bd2 Bb3
166. Be1 Bd1 167. Bd2 Be2 168. Be1 Bh5 169. Bd2 Bd1 170. Be1 Bb3 171. Bd2 Ba4
172. Be1 Bb5 173. Bd2 Bd7 174. Be1 Bc8 175. Bd2 Kd4 176. Be1 Be6 177. Ba5 Bf7
178. Bb4 Kc4 179. Bd2 Kb3 180. Be1 Bg6 181. Bd2 Kc2 182. Be1 d2 183. Bxd2
1/2-1/2

[Event "ICS rated blitz match"]
[Site "204.178.125.65"]
[Date "2000.07.23"]
[Round "?"]
[White "Tinker"]
[Black "Hossa"]
[Result "1-0"]
[WhiteElo "2445"]
[BlackElo "2463"]
[PlyCount "137"]
[EventDate "2000.??.??"]

1. e4 c5 2. Nf3 d6 3. Bc4 Nf6 4. d3 e6 5. Nc3 Be7 6. O-O Nc6 7. Bf4 O-O 8. a3
Bd7 9. Qe2 Qb6 10. Na4 Nd4 11. Nxd4 Bxa4 12. b3 cxd4 13. bxa4 Qc6 14. Rab1 Rac8
15. Bb3 b6 16. a5 bxa5 17. a4 Nd7 18. Qd2 e5 19. Bg3 Nc5 20. Qxa5 Bd8 21. Qe1
Nxb3 22. cxb3 Qc3 23. Qd1 h5 24. Qxh5 Qxd3 25. Rfe1 Rc2 26. Kh1 Qd2 27. Qg4 Bc7
28. Bh4 Rb8 29. Red1 Qe2 30. f3 Qe3 31. Bg5 Qf2 32. Rf1 Qe2 33. Rbe1 Qd3 34.
Bf6 Kf8 35. Qxg7+ Ke8 36. Qg8+ Kd7 37. Qxf7+ Kc8 38. Rb1 Qd2 39. Rg1 Kb7 40.
Be7 Qh6 41. Qd5+ Kc8 42. Qf7 Kb7 43. Rgd1 Ka6 44. Bf6 Rf8 45. Qd7 Rb8 46. Be7
Qg6 47. Rg1 Qh6 48. b4 Kb7 49. Qb5+ Ka8 50. Qd5+ Rb7 51. Rbd1 Bb8 52. a5 a6 53.
Rb1 Ka7 54. Bd8 Bc7 55. Bxc7 Rbxc7 56. b5 Rh7 57. b6+ Kb8 58. Qg8+ Kb7 59. Qg3
d3 60. h3 Qe6 61. Rgd1 Qa2 62. Qg6 Rxh3+ 63. Kg1 Rh4 64. Qg7+ Kb8 65. Qa7+ Kc8
66. b7+ Kd7 67. b8=Q+ Ke6 68. Qe8+ Kf6 69. Qae7# {Hossa checkmated} 1-0

[Event "ICS rated standard match"]
[Site "204.178.125.65"]
[Date "2000.07.23"]
[Round "?"]
[White "Hossa"]
[Black "SimenAgdes"]
[Result "1-0"]
[WhiteElo "2299"]
[BlackElo "1932"]
[PlyCount "93"]
[EventDate "2000.??.??"]

1. d4 Nf6 2. c4 e6 3. Nf3 b6 4. g3 Bb7 5. Bg2 Bb4+ 6. Bd2 Bxd2+ 7. Qxd2 O-O 8.
Nc3 d5 9. cxd5 exd5 10. O-O Nbd7 11. Ng5 h6 12. Nf3 Re8 13. Nh4 Kh7 14. Nf5 Ne4
15. Nxe4 dxe4 16. Qc3 g6 17. Ne3 Nf6 18. Rac1 c6 19. Nc4 Nd5 20. Qa3 Qe7 21.
Nd6 Reb8 22. Bxe4 f5 23. Bg2 Rf8 24. e3 Rad8 25. Nxb7 Qxb7 26. Rc2 a5 27. Rfc1
Rf6 28. Qa4 Nb4 29. Bxc6 Qc7 30. Rc4 Nxc6 31. Rxc6 Rxc6 32. Rxc6 Qd7 33. Qc4
Qd5 34. Qxd5 Rxd5 35. Rxb6 g5 36. a4 f4 37. Rb5 Rd7 38. Rxa5 fxe3 39. fxe3 Rb7
40. Rb5 Re7 41. Kf2 Ra7 42. a5 Kg6 43. e4 h5 44. Ke3 g4 45. Rb6+ Kg7 46. a6 Kg8
47. Rb8+ {SimenAgdes resigns} 1-0

[Event "ICS rated standard match"]
[Site "204.178.125.65"]
[Date "2000.07.23"]
[Round "?"]
[White "lorenso37"]
[Black "Hossa"]
[Result "0-1"]
[WhiteElo "2042"]
[BlackElo "2302"]
[PlyCount "62"]
[EventDate "2000.??.??"]

1. d4 Nf6 2. c4 e6 3. Nc3 Bb4 4. Qc2 O-O 5. Bd2 c5 6. dxc5 Bxc5 7. e3 Nc6 8.
Nf3 b6 9. a3 Bb7 10. b4 Bd6 11. Nb5 Bb8 12. Bc3 a6 13. Nbd4 Ne5 14. Be2 Be4 15.
Qd1 d5 16. Nxe5 Bxe5 17. f3 dxc4 18. Bxc4 Qc7 19. Qe2 b5 20. Rc1 bxc4 21. fxe4
Bxh2 22. Nf3 Bg3+ 23. Kf1 Nxe4 24. Rh3 Rfd8 25. Bd4 c3 26. Qc2 Qb7 27. Rxh7 e5
28. Bxc3 Rac8 29. Rh3 Rxc3 30. Qb1 Qd5 31. Rxc3 Qd1+ {lorenso37 resigns} 0-1

[Event "ICS rated standard match"]
[Site "204.178.125.65"]
[Date "2000.07.23"]
[Round "?"]
[White "Hossa"]
[Black "DrVigilante"]
[Result "0-1"]
[WhiteElo "2308"]
[BlackElo "2679"]
[PlyCount "134"]
[EventDate "2000.??.??"]

1. d4 Nf6 2. c4 e6 3. Nf3 b6 4. g3 Bb7 5. Bg2 Be7 6. O-O O-O 7. Nc3 Ne4 8. Bd2
Bf6 9. Rc1 d5 10. cxd5 exd5 11. Bf4 Na6 12. Qb3 c5 13. dxc5 Naxc5 14. Qc2 Rc8
15. Be5 Bxe5 16. Nxe5 Qe7 17. Nf3 Nxc3 18. bxc3 Ne4 19. Qb2 Qf6 20. Nd4 Rc4 21.
Bxe4 dxe4 22. Rfd1 e3 23. fxe3 Qg5 24. Rd3 Be4 25. Nf3 Qh6 26. Qd2 Bxd3 27.
exd3 Rc5 28. d4 Ra5 29. Rc2 Re8 30. Ne5 Qe6 31. Kf2 Ra3 32. Qe2 f6 33. Nd3 Qc8
34. Qh5 Rd8 35. Rd2 Rxc3 36. Qe2 Qh3 37. Kg1 Qe6 38. Qf3 Ra3 39. Qe2 Qe4 40.
Nf2 Qxe3 41. Qc4+ Kh8 42. Re2 Rc3 43. Qb5 Qc1+ 44. Kg2 Re3 45. h4 Rxe2 46. Qxe2
Qc6+ 47. Kh2 Rxd4 48. Qe3 Rd8 49. Qe7 Qd7 50. Qa3 a5 51. Qb3 b5 52. Kg2 Qd5+
53. Qxd5 Rxd5 54. Ne4 f5 55. Ng5 b4 56. Nf7+ Kg8 57. Ng5 a4 58. Ne6 b3 59. axb3
axb3 60. Kf3 b2 61. Nf4 Rd1 62. Ke3 b1=Q 63. Ke2 Qc2+ 64. Kf3 Qe4+ 65. Kf2 Rd2+
66. Ne2 Rxe2+ 67. Kg1 Qb1# {Hossa checkmated} 0-1

[Event "ICS rated standard match"]
[Site "204.178.125.65"]
[Date "2000.07.23"]
[Round "?"]
[White "hnishy"]
[Black "Hossa"]
[Result "0-1"]
[WhiteElo "2334"]
[BlackElo "2305"]
[PlyCount "76"]
[EventDate "2000.??.??"]

1. e4 c5 2. Nf3 Nc6 3. Bb5 d6 4. O-O Bg4 5. h3 Bd7 6. c3 Nf6 7. Re1 a6 8. Ba4
e6 9. d4 cxd4 10. cxd4 Be7 11. d5 exd5 12. exd5 Na7 13. Nc3 O-O 14. Bf4 Re8 15.
Bc2 Nb5 16. Nxb5 Bxb5 17. Bb3 Rc8 18. Nd4 Bd7 19. Qd3 Nh5 20. Bh2 g6 21. Re2
Qb6 22. Rae1 Bf6 23. Rxe8+ Rxe8 24. Rxe8+ Bxe8 25. Nf3 Bb5 26. Qd2 Qc7 27. g4
Ng7 28. Qf4 Bxb2 29. Qxd6 Qc1+ 30. Kg2 Ba3 31. Qb8+ Ne8 32. Be5 Qf1+ 33. Kg3
Bc5 34. Nd4 Qg1+ 35. Kf3 Qe1 36. a4 Bd7 37. Qxb7 Qxe5 38. Qxd7 Bxd4 {
hnishy resigns} 0-1

[Event "ICS rated standard match"]
[Site "204.178.125.65"]
[Date "2000.07.23"]
[Round "?"]
[White "Hossa"]
[Black "Pozitional"]
[Result "1-0"]
[WhiteElo "2322"]
[BlackElo "2177"]
[PlyCount "109"]
[EventDate "2000.??.??"]

1. e4 d5 2. d3 dxe4 3. dxe4 Qxd1+ 4. Kxd1 e5 5. Nc3 Nc6 6. Nd5 Bd6 7. c3 Be6 8.
Kc2 O-O-O 9. Be3 f5 10. Bc4 Kb8 11. Nf3 f4 12. Bc1 h6 13. b3 Bg4 14. Rd1 Nf6
15. Nxf6 gxf6 16. Rd2 Bc5 17. Bd3 Rhg8 18. Nh4 Ne7 19. a4 Rd7 20. b4 Bd6 21.
Bc4 Rg7 22. f3 Bh5 23. Be6 Rd8 24. c4 c6 25. Bb2 Bc7 26. Rxd8+ Bxd8 27. Rd1 Bc7
28. c5 Bf7 29. Bxf7 Rxf7 30. a5 a6 31. Bc3 Kc8 32. g3 fxg3 33. hxg3 f5 34. Nxf5
Nxf5 35. exf5 Rxf5 36. Rd3 Rh5 37. Kb3 Rh1 38. Re3 Rf1 39. Kc4 Kd7 40. Bd2 h5
41. Be1 Ke6 42. Kd3 Kd5 43. Ke2 Rh1 44. Rd3+ Ke6 45. Rd1 Rh2+ 46. Ke3 Rg2 47.
Bf2 Rh2 48. Rd3 Rh1 49. Ke2 Rb1 50. Be1 Rb2+ 51. Bd2 Rb1 52. Bc3 Rg1 53. Kf2
Rh1 54. Kg2 Re1 55. Bxe1 {Pozitional resigns} 1-0